000 02224cam a22004454i 4500
003 PE-LiUPU
005 20250731173144.0
008 150623s2002 miu r 000 0 eng d
020 _a0801022967
035 _a(Sirsi) i9780801022968
040 _aPE-LiUPU
_bspa
_cPE-LiUPU
_erda
049 _aPRUA
082 0 4 _a251
_bM28
_221
100 1 _aMathewson, Steven D.,
_d1961-,
_eautor.
245 1 4 _aThe art of preaching Old Testament narrative /
_cSteven D. Mathewson.
264 1 _aGrand Rapids, MI :
_bBaker Academic,
_c2002.
300 _a279 páginas ;
_c23 centímetros
336 _atext
_2rdacontent
337 _aunmediated
_2rdamedia
338 _avolume
_2rdacarrier
505 0 _aThe process of application -- The relationship between big idea and purpose -- Types of reasoning -- Robinson's stages of sermon preparation -- Elements in the plot -- Ryken's list of plot motifs -- Culley's list of action sequences -- Narrated time vs. narraton time -- Types of characters in Old Testament stories -- Character classification in Genesis -- Points of view -- Indicators of shifts in focalization -- Three types of irony -- A summary list of features to examine in Old Testament Narrative texts -- Works on Old Testament narrative literature -- Components of a big idea -- Expressions of the big idea -- Range of possibilities for making an element timeless -- The three functional questions -- Big idea development in 1 Samuel 17 -- Big idea development in 2 Samuel 11-12.
526 _aSEG42
526 _aSEG41
526 _aSEG40
526 _aSEG39
526 _aP94
526 _aP87
526 _aP86
526 _aP85
526 _aP77
526 _aP76
526 _aP35
630 _aBiblia.
_pA.T.
_xUso homilético.
942 _2ddc
_cBOOK
949 _a251 M28
_wDEWEY
_c1
_i53150
_lCCODEBUL1
_mBUL
_p18.00
_r0
_sY
_tBOOK
_u2015-6-24
_xTEOLOGIA
_PP35
_0COMPRA
_o.STAFF. Colección General
994 _aC0
_bPEPRU
596 _a1
999 _a251 M28
_wDEWEY
_c34951
_i53150
_f2021-11-10
_g5
_lCCODEBUL1
_mBUL
_p18.00
_r0
_sY
_tBOOK
_u2015-6-24
_xTEOLOGIA
_PP35
_0COMPRA
_o.STAFF. Colección Teología
_d34951
980 _81
_gALBERTO SANCHEZ Responsable de Automatización